000 00872nam a2200205Ia 4500
001 17134
003 GE_BSU
008 181216s||||||||xx |||||||||||||| ||und||
040 _cGE_BSU
080 _a37.01
100 _aგოგებაშვილი, იაკობ (1840-1912)
245 _aთხზულებანი. ტ.3
245 _cრედ.: გ. თავზიშვილი და დ. ლორთქიფანიძე.ტომი შეადგინა, მოამზადა დასაბეჭდად და კომენტარები დაურთო ვ. ქაჯაიამ
260 _aთბილისი
260 _bპედ. მეცნ. სამეცნ.-საკვლ. ინ-ტი
260 _c1954
300 _a509 გვ.22სმ
653 _aთხზულებანი
942 _cBK
999 _c50196
_d50196